000 00630nam a2200253Ia 4500
003 OSt
005 20221006155519.0
006 a|||||r|||| 00| 0
007 ta
008 221006b |||||||| |||| 00| 0 chi d
024 _a42,342
037 _cTextual
040 _aEASL
_cEASL
_bchi
041 _2chi
_achi
082 _aUK.4155, K6.
100 _aSong Zeyuan
_9669420
245 0 _aCha Ha Er Tong Zhi
260 _aTaibei
_bWenhai Chubanshe China
_c1966
300 _ap.
_ccm.
490 _v V.2CCL
650 _aCCL
942 _hUK.4155, K6.
_cTEXL
_2CC
999 _c1110428
_d1110428